AN INTRODUCTION TO THE THEORY OF ELASTICITY (Record no. 573437)
[ view plain ]
| 000 -LEADER | |
|---|---|
| fixed length control field | 00347nam a22001337a 4500 |
| 020 ## - INTERNATIONAL STANDARD BOOK NUMBER | |
| International Standard Book Number | 0-582-44283-4 |
| 082 ## - DEWEY DECIMAL CLASSIFICATION NUMBER | |
| Classification number | 531.3823 ATK'I |
| 100 ## - MAIN ENTRY--PERSONAL NAME | |
| Personal name | ATKIN, R. J , FOX, N |
| 9 (RLIN) | 65130 |
| 245 ## - TITLE STATEMENT | |
| Title | AN INTRODUCTION TO THE THEORY OF ELASTICITY |
| 260 ## - PUBLICATION, DISTRIBUTION, ETC. | |
| Place of publication, distribution, etc. | NEWYORK |
| Name of publisher, distributor, etc. | LONGMAN |
| Date of publication, distribution, etc. | 1980 |
| 300 ## - PHYSICAL DESCRIPTION | |
| Extent | 245P |
| 650 ## - SUBJECT ADDED ENTRY--TOPICAL TERM | |
| Topical term or geographic name entry element | ELASTICITY MATHEMATICS |
| 9 (RLIN) | 65131 |
| 942 ## - ADDED ENTRY ELEMENTS (KOHA) | |
| Koha item type | Book |
| Withdrawn status | Lost status | Damaged status | Not for loan | Permanent Location | Current Location | Shelving location | Date acquired | Total Checkouts | Full call number | Barcode | Date last seen | Price effective from | Koha item type |
|---|---|---|---|---|---|---|---|---|---|---|---|---|---|
| College of Electrical & Mechanical Engineering (CEME) | College of Electrical & Mechanical Engineering (CEME) | General Stacks | 07/27/2017 | 531.3823 ATK'I | CEME-22916 | 06/28/2021 | 06/28/2021 | Book |
